000 00352nam a2200133Ia 4500
003 GCL
008 140319s9999 xx 000 0 ara d
040 _aGCL /
_cGCL
082 0 4 _aط
_b813.02
_bد ع
245 1 0 _aبامبى يجد نهاية قوس قزح
260 _a[S.N] :
_bدار الشروق
300 _a35 ص
490 _aعالم ديزنى
_v0
999 _c56518
_d56518